| 000 | 00568nam a22001937a 4500 | ||
|---|---|---|---|
| 005 | 20251108173136.0 | ||
| 008 | 250721s2001 xx 000 0 ara d | ||
| 082 | 1 | 4 | _aط/ 738/بوت |
| 100 | 1 | _aبوتر، توني | |
| 245 | 1 | 0 | _aصناعة الخزف و السيراميك / |
| 264 | 1 |
_aدمشق : _bدار الرشيد، _c2001. |
|
| 300 | _a46ص. | ||
| 650 | 1 | 7 | _aالفنون الخزفية |
| 650 | 1 | 7 | _aصناعة الخزف |
| 650 | 1 | 7 | _aصناعة الفخار |
| 653 | _aناشئون كبار (15-18 سنة) | ||
| 942 |
_2ddc _cBK |
||
| 999 |
_c97012 _d97012 |
||